Star Academy - Candidats de la saison 13 (2025-26) - Statistiques

Statistiques générales
  • Ce quiz a été pris 820 fois
    798 depuis la dernière actualisation
  • Le résultat moyen est 16 sur 17
Statistiques - réponses
Académicien.ne.s % Correct
Léa
98%
Ambre
97%
Théo L
97%
Théo P
97%
Victor
97%
Anouk
95%
Jeanne
95%
Léo
95%
Melissa
94%
Sarah
94%
Bastiaan
92%
Léane
92%
Ema
91%
Noah
91%
Lenny
89%
Lily
88%
Mehdi
88%
Aucun quiz correspondant
Distribution des résultats
% des personnes avec chaque résultat
Percentile par nombre de réponses
Votre historique - résultats
Vous n’avez pas pris ce quiz depuis la dernière actualisation